000 00304nam a2200133Ia 4500
003 OSt
005 20240406121800.0
008 170524s9999 xx 000 0 und d
020 _a9780470200889
040 _cIIMT UNIVERSITY
100 _aKAPOOR- J.N.
245 0 _aMATHEMATICAL MODELING
942 _2ddc
_c02
999 _c3569
_d3569